আলী আহমাদ বাকাছীর : (Record no. 84296)
[ view plain ]
| 000 -LEADER | |
|---|---|
| fixed length control field | 01804nam a2200289 a 4500 |
| 001 - CONTROL NUMBER | |
| RUCL Control Number | 84296 |
| 003 - CONTROL NUMBER IDENTIFIER | |
| rucl marc code | BD-RjUL |
| 005 - DATE AND TIME OF LATEST TRANSACTION | |
| control field | 20241113130005.0 |
| 008 - FIXED-LENGTH DATA ELEMENTS--GENERAL INFORMATION | |
| fixed length control field | 241113s2022 bg a|||| m||| 00| 0 ben d |
| 035 ## - SYSTEM CONTROL NUMBER | |
| system control number | (BD-RjUL)84296 |
| 040 ## - CATALOGING SOURCE | |
| Original cataloging agency | BD-RjUL |
| Language of cataloging | ben/eng |
| Transcribing agency | BD-RjUL |
| Modifying agency | BD-RjUL |
| 041 ## - LANGUAGE CODE | |
| Language code of Book | ben |
| 082 ## - DEWEY DECIMAL CLASSIFICATION NUMBER | |
| Classification number | 181.07 |
| DDC Edition number | 23 |
| Author mark and Year | MAA 2022 |
| 100 ## - MAIN ENTRY--PERSONAL NAME | |
| Personal name | মানছুর, আব্দুল্লাহ আল |
| 9 (RLIN) | 14242 |
| 245 10 - TITLE STATEMENT | |
| Title | আলী আহমাদ বাকাছীর : |
| Remainder of title | আরবী নাটকে তাঁর অবদান / |
| Statement of responsibility, etc | গবেষক আব্দুল্লাহ আল মানছুর ; |
| Name of Supervisor/Co-Supervisor | গবেষণা তত্ত্বাবধায়ক : ইফতিখারুল আলম মাসউদ |
| 246 ## - VARYING FORM OF TITLE | |
| Title proper/short title | Ali Ahmad Bakatheer : |
| Remainder of title | His Contribution to Arabic Drama / |
| 260 ## - PUBLICATION, DISTRIBUTION, ETC. (IMPRINT) | |
| Place of publication, distribution, etc | রাজশাহী : |
| Name of publisher, distributor, etc | আরবী বিভাগ, রাজশাহী বিশ্ববিদ্যালয়, |
| Date of publication, distribution, etc | ২০২২ |
| 300 ## - PHYSICAL DESCRIPTION | |
| Pagination | ix, ২২৪ পাতা : |
| Other physical details | চিত্র ; |
| Dimensions | ২৯ সেমি. |
| 502 ## - DISSERTATION NOTE | |
| Dissertation note | থিসিস (পিএইচ. ডি.) -- আরবী বিভাগ, রাজশাহী বিশ্ববিদ্যালয়, ২০২২ |
| 504 ## - BIBLIOGRAPHY, ETC. NOTE | |
| Bibliography, etc | গ্রন্থপঞ্জী : পাতা ২০৭-২২৪ |
| 600 ## - SUBJECT ADDED ENTRY--PERSONAL NAME | |
| Personal name | আলী আহমাদ বাকাছীর |
| Dates associated with a name | 21 ডিসেম্বর 1910, 10 নভেম্বর 1969 |
| -- | 14243 |
| Personal name | Ali Ahmad Bakashi |
| Dates associated with a name | 21 December 1910, 10 November 1969 |
| -- | 14244 |
| 650 ## - SUBJECT ADDED ENTRY--TOPICAL TERM | |
| Topical term or geographic name as entry element | জীবনী |
| Form subdivision | ইতিহাস ও সমালোচনা |
| 9 (RLIN) | 14245 |
| Topical term or geographic name as entry element | Biography |
| Form subdivision | History and Criticism |
| 9 (RLIN) | 14246 |
| 700 ## - ADDED ENTRY--SUPERVISOR/CO-SUPERVISOR NAME | |
| Personal name | মাসউদ, ইফতিখারুল আলম, গবেষণা তত্ত্বাবধায়ক |
| 9 (RLIN) | 14247 |
| 942 ## - ADDED ENTRY ELEMENTS (KOHA) | |
| Source of classification or shelving scheme | Dewey Decimal Classification |
| Koha item type | Theses |
| Source of classification or shelving scheme | Damaged status | Not for loan | Collection code | Permanent Location | Current Location | Shelving location | Date of accession | Source of acquisition | Total Checkouts | Full call number | Barcode | Date last seen | Copy number | Thesis |
|---|---|---|---|---|---|---|---|---|---|---|---|---|---|---|
| Dewey Decimal Classification | Not For Loan | Theses | Central Library, University of Rajshahi | Central Library, University of Rajshahi | Documentation Section | 31/10/2024 | Controller of Exam. R.U. | BTHE 181.07 MAA 2022 | D4949 | 13/11/2024 | C-I | Theses |